Para ser uno mismo: de la opacidad a la transparencia
שמור ב:
| מחבר ראשי: | |
|---|---|
| פורמט: | ספר |
| שפה: | ספרדית |
| יצא לאור: |
Bilbao
Desclée de Brouwer
1999
|
| סדרה: | Colección Crecimiento Personal
|
| נושאים: | |
| תגים: |
הוספת תג
אין תגיות, היה/י הראשונ/ה לתייג את הרשומה!
|
MARC
| LEADER | 00000nam a2200000 a 4500 | ||
|---|---|---|---|
| 001 | UCP8469 | ||
| 003 | CL-VaPUC | ||
| 008 | 000303e19990000SP |||||||||||||||||spa|d | ||
| 082 | 0 | 4 | |a 158.12 |b MAS |2 21 |
| 100 | |a Masiá Clavel, Juan |e autor |9 595954 | ||
| 245 | 1 | 0 | |a Para ser uno mismo: de la opacidad a la transparencia |
| 300 | |a 172 p | ||
| 942 | |c BK | ||
| 945 | |d 20000303 00:00:00 |a rbrito | ||
| 260 | |a Bilbao |b Desclée de Brouwer |c 1999 | ||
| 650 | 7 | |a MEDITACION |2 CL-VaPUC |9 313094 | |
| 650 | 0 | |a Desarrollo individual |9 307875 | |
| 583 | |a last modification |c 20130106 10:21:55 |k Rodrigo Vera | ||
| 490 | 0 | |a Colección Crecimiento Personal | |
| 999 | |c 285365 |d 285363 | ||
| 952 | |0 0 |1 0 |4 0 |6 158_120000000000000_MAS_1999 |7 0 |8 A |9 329914 |a BIBEDU |b BIBEDU |d 2019-11-20 |i 3595919 |l 1 |o 158.12 MAS 1999 |p 3595919 |r 2023-07-06 |s 2023-07-06 |w 2019-11-20 |y BK |k EPE | ||